| 000 | 00000nas 2200000zi 4500 |
| 001 | 9.923788 |
| 003 | CaOODSP |
| 005 | 20240209135304 |
| 006 | m o d f |
| 007 | cr ||||||||||| |
| 008 | 230612c20209999onc x m o f0###|0eng|d |
| 040 | |aCaOODSP|beng|erda|cCaOODSP |
| 043 | |an-cn--- |
| 086 | 1 |aCC273-3E-PDF |
| 245 | 00|aCOVID-19 health and safety resources. |
| 246 | 33|aCoronavirus (COVID-19) - tips |
| 264 | 1|a[Ottawa] : |bCanadian Centre for Occupational Health and Safety, |c[2020]- |
| 310 | |aIrregular |
| 336 | |atext|btxt|2rdacontent |
| 337 | |acomputer|bc|2rdamedia |
| 338 | |aonline resource|bcr|2rdacarrier |
| 500 | |aIssued also in French under title: Ressources en santé et sécurité sur la COVID-19. |
| 650 | 0|aIndustrial hygiene|zCanada. |
| 650 | 0|aCOVID-19 (Disease)|zCanada|xPrevention. |
| 710 | 2 |aCanadian Centre for Occupational Health and Safety, |eissuing body. |
| 775 | 08|tRessources en santé et sécurité sur la COVID-19.|w(CaOODSP)9.923790 |
| 856 | 4 |qHTML|sN/A|uhttps://www.ccohs.ca/products/publications/covid19-tool-kit/ |